Zvýšenou aktivitou knihoven vstříc XV. sjezdu KSČ

Bibliographic Details
Format: Book
Language:Czech
PhysicalDescription:29 s. zoz. 21 cm
Published: Praha Státní knihovna ČSR 1975
Subjects:

MARC

LEADER 00000nam a2200000 a 4500
001 vtls001222702
003 SK-MaSNL
005 20260311132108.0
008 210928s1975 xr 0 cze
035 |a SNK000168386 
040 |a SNK  |b slo  |c SNK  |e AACR2 
041 0 |a cze 
044 |a CZ 
080 |a 027:329.15(437)=850  |2 1981 
245 1 0 |a Zvýšenou aktivitou knihoven vstříc XV. sjezdu KSČ 
260 |a Praha  |b Státní knihovna ČSR  |c 1975 
300 |a 29 s.  |b zoz.  |c 21 cm 
500 |a 1500 výt. 
521 |a Pre internú potrebu knižníc jednotnej sústavy 
650 0 7 |a knižnice  |2 SNKPH  |9 17965 
651 7 |a Československo  |2 SNKPHgeo  |9 21376 
655 7 |a príručky  |2 SNKPH  |9 74364 
958 |a OND 
999 |c 797342  |d 799272 
952 |t P60, <03>, [BOOK], {603}  |a SNK  |b SNK  |y PREZ  |7 0  |o snkSC 40627  |i snkKIP 3879/75  |0 0  |1 0  |4 0  |d 1996-10-21  |l 0  |r 2005-01-01 00:00:00  |w 2026-02-24 
952 |t P60, <04>, [BOOK], {604}  |a SNK  |b SNK  |y VYP  |7 0  |p 17A0014324  |o snkSC 40627 D1  |i snkD 247/97  |0 0  |1 0  |4 0  |d 1996-10-21  |l 0  |r 2005-01-01 00:00:00  |w 2026-02-24 
952 |a SNK  |b SNK  |y PREZ  |7 0  |p 17A1000021  |o snkSC 40627   |0 0  |1 0  |4 0  |d 2013-08-16  |l 0  |r 2025-10-15 00:00:00  |w 2026-02-24